|
|
|
|
| LEADER |
00000cam a2200000 7i4500 |
| 001 |
0000090968 |
| 005 |
20230327110834.0 |
| 008 |
230212 may |
| 020 |
|
|
|a 9789671556368 (
|q (paperback))
|
| 040 |
|
|
|e rda
|
| 041 |
|
|
|a Malay
|
| 090 |
0 |
0 |
|a JP
|b MAL
|
| 100 |
1 |
|
|a Liza Shahida Ismail ,
|d 1960- ,
|e (author)
|
| 245 |
1 |
0 |
|a Di manakah kawan-kawan?
|c Liza Shahida Ismail
|
| 264 |
|
1 |
|a Bandar Baru Bangi, Selangor :
|b Korpus
|c 2021
|
| 300 |
|
|
|a 28 unnumbered pages :
|b colour illustrations ;
|c 23 cm.
|
| 336 |
|
|
|a text
|2 rdacontent
|
| 337 |
|
|
|a unmediated
|2 rdamedia
|
| 338 |
|
|
|a volume
|2 rdacarrier
|
| 490 |
1 |
|
|a Siri Hijau
|
| 500 |
|
|
|a Children age 4-6 years old (yellow)
|
| 541 |
|
|
|c Purchased on 2022
|f S2200081 RIMA
|h RM25.00
|
| 650 |
|
0 |
|a Animals
|v Fiction
|
| 650 |
|
0 |
|a Children's stories, Malay
|
| 700 |
0 |
|
|a Ida Sri Sulo ,
|e (editor)
|
| 700 |
0 |
|
|a Mohd. Norazmi Mohd. Mokhtar ,
|e (illustrator)
|
| 999 |
|
|
|a 0001708864
|b Book
|c Children Collection
|e Desa - PPAJ
|
| 999 |
|
|
|a 0001708865
|b Book
|c Children Collection
|e Desa - PPAJ
|
| 999 |
|
|
|a 0001708866
|b Book
|c Children Collection
|e Desa - PPAJ
|
| 999 |
|
|
|a 0001708867
|b Book
|c Children Collection
|e Desa - PPAJ
|
| 999 |
|
|
|a 0001708868
|b Book
|c Children Collection
|e Desa - PPAJ
|
| 999 |
|
|
|a 0001708869
|b Book
|c Children Collection
|e Desa - PPAJ
|
| 999 |
|
|
|a 0001708870
|b Book
|c Children Collection
|e Desa - PPAJ
|
| 999 |
|
|
|a 0001708871
|b Book
|c Children Collection
|e Desa - PPAJ
|
| 999 |
|
|
|a 0001708872
|b Book
|c Children Collection
|e Desa - PPAJ
|
| 999 |
|
|
|a 0001708873
|b Book
|c Children Collection
|e Desa - PPAJ
|
| 999 |
|
|
|a 0001708880
|b Book
|c Children Collection
|e Desa - PPAJ
|
| 999 |
|
|
|a 0001708881
|b Book
|c Children Collection
|e Desa - PPAJ
|
| 999 |
|
|
|a 0001708882
|b Book
|c Children Collection
|e Desa - PPAJ
|
| 999 |
|
|
|a 0001708883
|b Book
|c Children Collection
|e Desa - PPAJ
|
| 999 |
|
|
|a 0001708884
|b Book
|c Children Collection
|e Desa - PPAJ
|
| 999 |
|
|
|a 0001708893
|b Book
|c Children Collection
|e Desa - PPAJ
|
| 999 |
|
|
|a 0001708894
|b Book
|c Children Collection
|e Desa - PPAJ
|
| 999 |
|
|
|a 0001708895
|b Book
|c Children Collection
|e Desa - PPAJ
|
| 999 |
|
|
|a 0001708896
|b Book
|c Children Collection
|e Desa - PPAJ
|
| 999 |
|
|
|a 0001708897
|b Book
|c Children Collection
|e Desa - PPAJ
|
| 999 |
|
|
|a 0001708909
|b Book
|c Children Collection
|e Desa - PPAJ
|
| 999 |
|
|
|a 0001708910
|b Book
|c Children Collection
|e Desa - PPAJ
|
| 999 |
|
|
|a 0001708911
|b Book
|c Children Collection
|e Desa - PPAJ
|
| 999 |
|
|
|a 0001708912
|b Book
|c Children Collection
|e Desa - PPAJ
|
| 999 |
|
|
|a 0001708913
|b Book
|c Children Collection
|e Desa - PPAJ
|
| 999 |
|
|
|a 0001708914
|b Book
|c Children Collection
|e Desa - PPAJ
|
| 999 |
|
|
|a 0001708927
|b Book
|c Children Collection
|e Desa - PPAJ
|
| 999 |
|
|
|a 0001708929
|b Book
|c Children Collection
|e Desa - PPAJ
|
| 999 |
|
|
|a 0001708931
|b Book
|c Children Collection
|e Desa - PPAJ
|
| 999 |
|
|
|a 0001708932
|b Book
|c Children Collection
|e Desa - PPAJ
|
| 999 |
|
|
|a 0001708933
|b Book
|c Children Collection
|e Desa - PPAJ
|
| 999 |
|
|
|a 0001708945
|b Book
|c Children Collection
|e Desa - PPAJ
|
| 999 |
|
|
|a 0001708946
|b Book
|c Children Collection
|e Desa - PPAJ
|
| 999 |
|
|
|a 0001708948
|b Book
|c Children Collection
|e Desa - PPAJ
|
| 999 |
|
|
|a 0001708950
|b Book
|c Children Collection
|e Desa - PPAJ
|
| 999 |
|
|
|a 0001708958
|b Book
|c Children Collection
|e Desa - PPAJ
|
| 999 |
|
|
|a 0001708959
|b Book
|c Children Collection
|e Desa - PPAJ
|
| 999 |
|
|
|a 0001708960
|b Book
|c Children Collection
|e Desa - PPAJ
|
| 999 |
|
|
|a 0001708961
|b Book
|c Children Collection
|e Desa - PPAJ
|
| 999 |
|
|
|a 0001708962
|b Book
|c Children Collection
|e Desa - PPAJ
|
| 999 |
|
|
|a 0001708963
|b Book
|c Children Collection
|e Desa - PPAJ
|
| 999 |
|
|
|a 0001713311
|b Book
|c Children Collection
|e Cawangan Urban Transformation Centre
|
| 999 |
|
|
|a 0001713312
|b Book
|c Children Collection
|e Cawangan AEON Kulaijaya
|
| 999 |
|
|
|a 0001713313
|b Book
|c Children Collection
|e Perbadanan Perpustakaan Awam Johor
|
| 999 |
|
|
|a 0001713314
|b Book
|c Children Collection
|e Cawangan Kota Tinggi
|
| 999 |
|
|
|a 0001713315
|b Book
|c Children Collection
|e Perbadanan Perpustakaan Awam Johor
|
| 999 |
|
|
|a 0001713316
|b Book
|c Children Collection
|e Cawangan Bukit Gambir
|
| 999 |
|
|
|a 0001713317
|b Book
|c Children Collection
|e Cawangan Muar
|
| 999 |
|
|
|a 0001713318
|b Book
|c Children Collection
|e Cawangan Mersing
|
| 999 |
|
|
|a 0001713319
|b Book
|c Children Collection
|e Cawangan Pontian
|
| 999 |
|
|
|a 0001713320
|b Book
|c Children Collection
|e Cawangan Segamat
|
| 999 |
|
|
|a 0001713321
|b Book
|c Children Collection
|e Cawangan Bandar Tenggara
|
| 999 |
|
|
|a 0001713322
|b Book
|c Children Collection
|e Cawangan Tangkak
|
| 999 |
|
|
|a 0001713323
|b Book
|c Children Collection
|e Cawangan Taman Sri Lambak
|
| 999 |
|
|
|a 0001713324
|b Book
|c Children Collection
|e Cawangan Batu Pahat
|
| 999 |
|
|
|a 0001713325
|b Book
|c Children Collection
|e Cawangan Tmn. Ungku Tun Aminah
|
| 999 |
|
|
|a 0001713326
|b Book
|c Children Collection
|e Cawangan Bandar Penawar
|
| 999 |
|
|
|a 0001713327
|b Book
|c Children Collection
|e Cawangan Taman Universiti
|